1363 1716 1195 1863 1603 1524 1237 1034 1065 1601 1219 1916 1885 1762 1488 1057 1194 1005 1495 1297 1956 1249 1593 1087 1509 1627 1593 1873 1438 1721 1375 1778 1551 1961 1652 1142 1079 1800 1676 1331 1574 1913 1500 1646 1420 1865 1145 1365 1426 1742 1583 1685 1276 1334 1371 1136 1623 1112 1835 1061 1125 1050 1569 1966 1741 1073 1591 1987 1243 1819 1987 1559 1005 1733 1430 1095 1721 1825 1561 1285 1498 1626 1117 1957 1934 1976 1732 1530 1206 1577 1056 1191 1818 1066 1808 1681 1711 1395 1921 BCNSPRNW ULIB Ver.6.0+V

เปลี่ยนเป็นภาษาไทย

Change to English
 แสดงรายละเอียดบรรณานุกรม
  กลับหน้าหลัก

Brief Record : Get Marc (ISO 2709) : E-mail record : QR code < ปิดหน้าต่าง
LEADER : 00000nam 2200000uu 4500
001    13399125117
003     ULIB
008    020711s2550 th a 000 0 tha d
020    9789749899267
090    นว.^bย731ค
100    โยโคมิโซะ เซชิ
245    คินดะอิจิยอดนักสืบ ตอนที่7 : คดีฆ่าตกรรม เพลงเล่นลูกบอลปีศาจ/^cโยโคมิโซะ เซชิ
260    กรุงเทพมหานคร :^bJBOOK,^c2550
300    337 หน้า
945    ^p230^l0^i022061
999    ^aทศพร
รายการนี้ยังไม่มีแท็ก
คุณยังไม่ได้ล็อกอิน คุณสามารถมีกิจกรรมร่วมกับเว็บไซต์ได้ แต่ต้องล็อกอินก่อน ::
  ล็อกอิน

รายการสื่อสารสนเทศ

ลำดับที่ ประเภท เลขเรียก/บาร์โค้ด สถานที่ สถานะ
1. นวนิยาย
นวนิยาย
นว. ย731ค ฉ.1 
  Barcode: 022061
ห้องสมุดวิทยาเขตสวรรค์ประชารักษ์
►หนังสือทั่วไป
บนชั้น

รายการใกล้เคียง
    ผู้แต่ง [โยโคมิโซะ เซชิ]

BibComment


ยังไม่เคยถูกคอมเมนท์

คอมเมนท์ทรัพยากรรายการนี้
  คอมเมนท์: คินดะอิจิยอดนักสื..


 Copyright 2026. Bcnsprnw @Library